Statistics for Danganronpa Survivors

Click here to take the quiz!

General Stats

  • This quiz has been taken 1,143 times
  • The average score is 13 of 17

Answer Stats

Killing Games SurvivedCharacter% Correct
Danganronpa: Trigger Happy Havoc / Danganronpa 3: End of Hope's Peak AcademyMakoto Naegi
98%
Super Danganronpa 2: Despair IslandHajime Hinata
95%
Danganronpa: Trigger Happy HavocByakuya Togami
94%
Danganronpa: Trigger Happy Havoc / Danganronpa 3: End of Hope's Peak AcademyKyoko Kirigiri
94%
Danganronpa: Trigger Happy Havoc / Danganronpa 3: End of Hope's Peak AcademyAoi Asahina
93%
Danganronpa: Trigger Happy HavocToko Fukawa
91%
Danganronpa V3: Killing HarmonyShuichi Saihara
90%
Super Danganronpa 2: Despair IslandSonia Nevermind
90%
Super Danganronpa 2: Despair IslandKazuichi Soda
89%
Danganronpa: Trigger Happy HavocYasuhiro Hagakure
89%
Danganronpa V3: Killing HarmonyMaki Harukawa
88%
Super Danganronpa 2: Despair IslandAkane Owari
86%
Danganronpa V3: Killing HarmonyHimiko Yumeno
86%
Super Danganronpa 2: Despair IslandFuyuhiko Kuzuryu
83%
Danganronpa 3: End of Hope's Peak AcademyRyota Mitarai
35%
Danganronpa 3: End of Hope's Peak AcademyKyosuke Munakata
31%
Tragedy of Hope's Peak AcademySoshun Murasame
14%

Score Distribution

Percentile by Number Answered

Percent of People with Each Score

Your Score History

You have not taken this quiz